00553nam a22001817a 450000500170000001000150001702000270003203500130005903700130007208200080008510000200009324500470011326000330016027001050019330000300029850000400032870000030036820100813150344.0 aENG-100189 a9788188209262c1000.00 aEN-83721 aDBAD/PUB a721 aBeri, Pramod R. aFrom follows feelings /cby Pramod R. Beri aPunebAnjali Prakashanc2009 a'D' Wing, Shop 10, Snehal Apartment, Next to Sanas School, Sinhagad Road, Dhayri PhatabPunee411041 a321 p. :c20cm (Hb)bill  aIncludes bibliographical references